00385nam a2200157Ia 4500003000400000008004100004040001600045082001300061100001900074245003000093260004200123300000900165650000900174650001300183650003100196GCL140319s9999 xx 000 0 eng d aGCL / cGCL04a759bG T1 aGATT, GIUSEPPE10aTURNER / cGATT, GIUSEPPE a[S.N] : bTHAMES AND HUDSON ، c1989 a88 P04aARTS04aPAINTING04aTURNER, JOSEPH MALL WILLAM